000 00364pab a2200145 454500
008 180718b1999 xxu||||| |||| 00| 0 eng d
100 _aBhatnagar, R.P.
245 _aThe NET examination of U.G.C.: a review
260 _c1999
300 _ap.123-31
362 _aSpring
650 _aTeacher selection
773 _aJournal of Higher Education
909 _a43137
999 _c43137
_d43137